| 000 | 00496nmm a2200169Ia 4500 | ||
|---|---|---|---|
| 008 | 251105s9999||||xx |||||||||||||||||und|| | ||
| 020 | _a9788416938735 | ||
| 041 | _aspa | ||
| 100 | _aPilcher, Helen | ||
| 245 | 0 | _aQue vuelva el rey: la nueva ciencia de resucitar especies | |
| 264 |
_a[Madrid, España] : _bBiblioteca Nueva, _c2017 |
||
| 300 | _a376 páginas | ||
| 490 | _aEnsayo Pensamiento | ||
| 650 | _aSciences | ||
| 856 | _uhttps://public.digitaliapublishing.com/a/51142 | ||
| 942 | _cCF | ||
| 999 |
_c78182 _d78182 |
||